| 000 | 00618nam a22002177a 4500 | ||
|---|---|---|---|
| 003 | ITZ | ||
| 005 | 20230315144143.0 | ||
| 008 | 230315b |||||||| |||| 00| 0 spa d | ||
| 020 | _a978-607-519-508-7 | ||
| 035 | _a17322 | ||
| 041 | _aspa | ||
| 050 |
_aHD30.28 _bH518 2015 |
||
| 082 |
_a658.401 _bH518a 2015 |
||
| 100 | 1 | _aHitt, Michael A. | |
| 245 |
_aAdministración estratégica. Competitividad y globalización: _bConceptos y casos _cMichael A. Hitt ,[et. al.] |
||
| 250 | _a11 ed. | ||
| 260 |
_aMéxico: _bCengage, _c2015. |
||
| 300 |
_axxviii, 404 p. _c27 cm. |
||
| 650 | _a1. ADMINISTRACIÓN | ||
| 942 | _cBK | ||
| 999 |
_c28953 _d28953 |
||